Statistics for Roman Names for Places

Click here to take the quiz!

General Stats

  • This quiz has been taken 11,881 times
  • The average score is 13 of 21

Answer Stats

Roman Name Category Answer % Correct
ItaliaCountryItaly
100%
HispaniaCountrySpain
99%
LondiniumCityLondon
95%
FlorentiaCityFlorence
95%
GalliaCountryFrance
89%
NeapolisCityNaples
89%
MesopotamiaCountryIraq
81%
AsiaCountryTurkey
75%
ParthiaCountryIran
64%
HiberniaIslandIreland
62%
HelvetiaCountrySwitzerland
62%
LutetiaCityParis
59%
AfricaCountryTunisia
58%
LusitaniaCountryPortugal
54%
CaledoniaRegionScotland
50%
MediolanumCityMilan
45%
Aquae SulisCityBath
42%
MassiliaCityMarseille
37%
LugdunumCityLyon
26%
Colonia AgrippinaCityCologne
21%
EboracumCityYork
17%

Score Distribution

Percentile by Number Answered

Percent of People with Each Score

Your Score History

You have not taken this quiz